| 000 | 00987nac a22002891i 4500 | ||
|---|---|---|---|
| 003 | EG-ScBUE | ||
| 005 | 20241110101504.0 | ||
| 008 | 241110t2004 gw a f 001 0 eng d | ||
| 020 | _a3540204822 | ||
| 020 | _a9783540204824 | ||
| 040 |
_aEG-ScBUE _beng _erda _cEG-ScBUE _dEG-ScBUE |
||
| 082 | 0 | 4 |
_a519.2076 _bITŌ _222 |
| 100 | 1 |
_aItō, Kiyosi, _d1915-2008, _eauthor. |
|
| 245 | 1 | 0 |
_aStochastic processes : _blectures given at Aarhus University / _cKiyosi Itô ; edited by Ole E. Barndorff-Nielsen, Ken-iti Sato. |
| 264 | 1 |
_aBerlin : _bSpringer, _c[2004] |
|
| 264 | 4 | _cc2004 | |
| 300 |
_axii, 234 pages : _billustrations ; _c24 cm |
||
| 336 |
_2rdacontent _atext _btxt |
||
| 337 |
_aunmediated _2rdamedia _bn |
||
| 338 |
_avolume _bnc _2rdacarrier |
||
| 500 | _aIncludes Index. | ||
| 650 | 7 |
_aStochastic processes _xProblems, exercises. _2BUEsh |
|
| 655 | _vReading book | ||
| 700 | 1 |
_aBarndorff-Nielsen, Ole E., _eeditor. |
|
| 700 | 1 |
_aSato, Ken-iti, _eeditor. |
|
| 942 |
_cBB _2ddc |
||
| 999 |
_c3794 _d3794 |
||